[Event "Tula Sinitsin Memorial"]
[Site "Tula"]
[Date "2010.04.??"]
[Round "1"]
[White "Andrianov, Vyacheslav"]
[Black "Obolentseva, Nina"]
[Result "1-0"]
[WhiteElo "2089"]
[BlackElo "1928"]
[PlyCount "75"]
[EventDate "2010.04.??"]
[EventType "tourn"]
[EventRounds "17"]
[EventCountry "RUS"]
[SourceTitle "EXT 2012"]
[Source "ChessBase"]
[SourceDate "2011.11.24"]
[SourceVersion "1"]
[SourceVersionDate "2011.11.24"]
[SourceQuality "1"]

1. d4 d5 2. c4 e6 3. Nf3 b6 4. cxd5 Bb4+ 5. Bd2 Bxd2+ 6. Nbxd2 exd5 7. Rc1 Ne7 8. e3 0-0 9. Qc2 c6 10. Bd3 g6 11. 0-0 Ba6 12. Bxa6 Nxa6 13. Qa4 Nc7 14. Ne5 b5 15. Qc2 Qd6 16. Nxc6 Nxc6 17. Qxc6 Qxc6 18. Rxc6 Ne6 19. Rfc1 a5 20. Nf3 Rfe8 21. Ne5 Kg7 22. Kf1 Re7 23. Rd6 Raa7 24. Rxd5 Re8 25. Rxb5 f6 26. Nd3 Rd7 27. Rxa5 Nxd4 28. exd4 Rxd4 29. Rc3 Ree4 30. g3 h5 31. h4 Rc4 32. Rxc4 Rxc4 33. Nf4 Rc2 34. Rb5 Rc6 35. a4 Kh6 36. a5 g5 37. hxg5+ fxg5 38. Rb6 1-0

[Event "Tula Sinitsin Memorial"]
[Site "Tula"]
[Date "2010.04.??"]
[Round "15"]
[White "Zerzhalova, Svetlana"]
[Black "Andrianov, Vyacheslav"]
[Result "0-1"]
[WhiteElo "1940"]
[BlackElo "2089"]
[PlyCount "98"]
[EventDate "2010.04.??"]
[EventType "tourn"]
[EventRounds "17"]
[EventCountry "RUS"]
[SourceTitle "EXT 2012"]
[Source "ChessBase"]
[SourceDate "2011.11.24"]
[SourceVersion "1"]
[SourceVersionDate "2011.11.24"]
[SourceQuality "1"]

1. d4 d5 2. c4 e6 3. Nf3 Nf6 4. Nc3 Nbd7 5. Bg5 c6 6. e3 Bb4 7. Bd3 dxc4 8. Bxc4 Qa5 9. 0-0 Bxc3 10. bxc3 Qxc3 11. Rc1 Qa3 12. Re1 h6 13. Bf4 Ne4 14. Bb3 0-0 15. Qd3 Ndf6 16. Be5 Rd8 17. Nd2 Nc5 18. Qc4 Nxb3 19. axb3 Qe7 20. h3 Nd7 21. Bc7 Re8 22. Ra1 Nf8 23. Bb6 a6 24. Bc5 Qc7 25. Ne4 Rd8 26. Qb4 b5 27. Rec1 Bb7 28. Qc3 a5 29. Bxf8 Rxf8 30. Nc5 Bc8 31. Ne4 Ra6 32. Nc5 Ra7 33. Qd3 Bd7 34. Qe4 Rc8 35. f4 Be8 36. g4 Qd8 37. Kh2 Qd5 38. Qd3 Rd8 39. Rf1 Qxc5 40. Rf3 Qd5 41. Rg3 e5 42. f5 exd4 43. e4 Qe5 44. Rf1 Re7 45. f6 gxf6 46. Qf3 d3 47. h4 d2 48. g5 hxg5 49. hxg5 fxg5 0-1

[Event "Tula Efremenkov Memorial"]
[Site "Tula"]
[Date "2008.01.08"]
[Round "7"]
[White "Andrianov, Vyacheslav"]
[Black "Drizgalovich, Mikhail"]
[Result "1/2-1/2"]
[WhiteElo "2165"]
[BlackElo "2212"]
[PlyCount "33"]
[EventDate "2008.01.02"]
[EventType "tourn"]
[EventRounds "9"]
[EventCountry "RUS"]
[SourceTitle "CBM 122 Extra"]
[Source "ChessBase"]
[SourceDate "2008.03.04"]
[SourceVersion "1"]
[SourceVersionDate "2008.03.04"]
[SourceQuality "1"]

1. d4 d5 2. c4 e6 3. Nf3 Nf6 4. Bg5 Be7 5. e3 0-0 6. Nc3 h6 7. Bh4 b6 8. cxd5 Nxd5 9. Bxe7 Qxe7 10. Be2 Nxc3 11. bxc3 Bb7 12. 0-0 c5 13. Ne5 Nc6 14. Nxc6 Bxc6 15. Bf3 Rac8 16. a4 Bxf3 17. Qxf3 1/2-1/2

[Event "Tula Efremenkov Memorial"]
[Site "Tula"]
[Date "2008.01.02"]
[Round "1"]
[White "Kuznezov, Albert"]
[Black "Andrianov, Vyacheslav"]
[Result "1/2-1/2"]
[WhiteElo "2053"]
[BlackElo "2165"]
[PlyCount "90"]
[EventDate "2008.01.02"]
[EventType "tourn"]
[EventRounds "9"]
[EventCountry "RUS"]
[SourceTitle "CBM 122 Extra"]
[Source "ChessBase"]
[SourceDate "2008.03.04"]
[SourceVersion "1"]
[SourceVersionDate "2008.03.04"]
[SourceQuality "1"]

1. d4 Nf6 2. c4 e6 3. Nc3 Bb4 4. Qc2 b6 5. Bg5 Bb7 6. f3 d5 7. e3 0-0 8. Bd3 h6 9. Bh4 Nbd7 10. cxd5 exd5 11. Nge2 Re8 12. Bf2 c5 13. 0-0 c4 14. Bf5 Nf8 15. Nf4 Bc8 16. a3 Bxf5 17. Qxf5 g6 18. Qh3 Bxc3 19. bxc3 Kg7 20. Rfe1 Qd7 21. Qxd7 N8xd7 22. a4 Rab8 23. Rab1 Rb7 24. Rb4 Nb8 25. Reb1 Nc6 26. Rb5 Rd7 27. g4 Na5 28. R5b2 Nb3 29. h4 g5 30. Ng2 Ng8 31. Bg3 f6 32. Kf2 Ne7 33. e4 Nc6 34. Re1 dxe4 35. fxe4 a6 36. Rbe2 Kf7 37. h5 b5 38. axb5 axb5 39. Ne3 Ne7 40. Nc2 Nc6 41. d5 Ne5 42. Bxe5 Rxe5 43. Na1 Nc5 44. Kf3 Ra7 45. Nc2 Nd3 1/2-1/2

[Event "Tula CC-ch"]
[Site "Tula"]
[Date "2007.12.21"]
[Round "5"]
[White "Kuznezov, Albert"]
[Black "Andrianov, Vyacheslav"]
[Result "0-1"]
[WhiteElo "2053"]
[BlackElo "2165"]
[PlyCount "68"]
[EventDate "2007.12.08"]
[EventType "swiss"]
[EventRounds "9"]
[EventCountry "RUS"]
[SourceTitle "CBM 122 Extra"]
[Source "ChessBase"]
[SourceDate "2008.03.04"]
[SourceVersion "1"]
[SourceVersionDate "2008.03.04"]
[SourceQuality "1"]

1. d4 Nf6 2. c4 e5 3. dxe5 Ng4 4. Bf4 g5 5. Bg3 Bg7 6. Nf3 Nc6 7. Nc3 Ngxe5 8. Nxe5 Nxe5 9. e3 d6 10. Qc2 Be6 11. Nb5 c6 12. Nd4 Qa5+ 13. Qd2 Qxd2+ 14. Kxd2 Nxc4+ 15. Bxc4 Bxc4 16. Nf5 Bf8 17. Kc3 d5 18. e4 0-0-0 19. e5 b5 20. Nd6+ Bxd6 21. exd6 c5 22. b3 d4+ 23. Kd2 Bd5 24. Rhe1 Rhe8 25. f3 Kd7 26. Be5 Re6 27. Rac1 Rde8 28. Bg3 c4 29. bxc4 Bxc4 30. Rxe6 Rxe6 31. Re1 Rxe1 32. Kxe1 Bxa2 33. Be5 a5 34. Kd2 Bc4 0-1